000 00766nam a2200241Ia 4500
003 OSt
005 20220926000614.0
006 a|||||r|||| 00| 0
007 ta
008 220923b |||||||| |||| 00| 0 eng d
020 _c323
037 _b2747, 06/03/2014, Paramount International
_cGeneral Book
040 _aRTL
_cRTL
_beng
041 _2eng
_aeng
082 _aX:(D6,9(B),2771, P4
100 _aVERMA S.K.
_990953
245 0 _aLegal dimensions of cyber space
260 _a New Delhi
_bIndian Law Institute
_c2004
300 _axxiii, 498p
_ccm.
700 _a MITTAL Raman
_9302843
942 _hX:(D6,9(B),2771, P4
_cGB
_2CC
999 _c599383
_d599383